00479nam a2200217Ia 4500003000900000008004100009040001300050040001300063041000800076100001700084245004500101250000900146260001200155260000900167300001100176300001000187490000600197600002800203700001400231700001600245IT-RoPAU120407s9999 xx 000 0 und d aIT-RoPAU cIT-RoPAU afra aHenri Rondet aPéché originel et péché d’Adam aLion aDu Cerf c1969 a104 p. c16 cm v1 a1. Il Peccato Originale aE. Boudes aG. Martelet